Discographie de Metallica - Statistiques

Statistiques générales
  • Ce quiz a été pris 72 fois
  • Le résultat moyen est 48 sur 145
Statistiques - réponses
Réponse Date de sortie % Correct
Master Of Puppets 1986
100%
Kill 'Em All 1983
89%
Ride The Lightning 1984
89%
Ride the Lightning (Live)
89%
Seek & Destroy
89%
...And Justice for All 1988
81%
Battery
78%
Metallica (The Black Album) 1991
78%
One
78%
The Four Horsemen
78%
The Four Horsemen (Live)
78%
Load 1996
74%
Nothing Else Matters
74%
Reload 1997
74%
Enter Sandman
70%
Fade To Black
70%
Fade to Black (Live)
70%
Orion
70%
St. Anger 2003
67%
The Unforgiven
67%
Welcome Home (Sanitarium)
67%
Fuel
63%
Blackened
59%
Creeping Death
59%
Creeping Death (Live)
59%
Death Magnetic 2008
59%
For Whom The Bell Tolls
59%
For Whom the Bell Tolls (Live)
59%
The Call Of Ktulu
59%
72 Seasons 2023
56%
Fight Fire With Fire
56%
The Day That Never Comes
56%
Hardwired
52%
Hardwired (Live)
52%
Hit The Lights
52%
Hit The Lights (Live)
52%
Motorbreath
52%
Sad But True
52%
The Unforgiven II
52%
The Unforgiven III
52%
Whiplash
52%
Frantic
48%
Hardwired... to Self-Destruct 2016
48%
The Memory Remains (feat. Marianne Faithfull) Marianne Faithfull
48%
(Anesthesia) Pulling Teeth
44%
Mama Said
44%
Wherever I May Roam
44%
Escape
41%
King Nothing
41%
Of Wolf and Man
41%
Atlas, Rise!
37%
Leper Messiah
37%
The Thing That Should Not Be
37%
Trapped Under Ice
37%
2 X 4
33%
Harvester of Sorrow
33%
To Live is to Die
33%
Until It Sleeps
33%
Cyanide
30%
Disposable Heroes
30%
Dyers Eve
30%
Lux Æterna
30%
The God That Failed
30%
Ain't My Bitch
26%
Damage, Inc.
26%
Jump In The Fire
26%
Jump in the Fire (Live)
26%
Metal Militia
26%
Metal Militia (Live)
26%
No Remorse
26%
Phantom Lord
26%
Through the Never
26%
Inamorata
22%
Moth Into Flame
22%
My Friend of Misery
22%
Suicide & Redemption
22%
All Nightmares Long
19%
Bleeding Me
19%
Don't Tread on Me
19%
Eye of the Beholder
19%
Halo On Fire
19%
Screaming Suicide
19%
The Shortest Straw
19%
Broken, Beat & Scarred
15%
Dirty Window
15%
Fixxxer
15%
Hero of the Day
15%
Holier Than Thou
15%
My Apocalypse
15%
Some Kind Of Monster
15%
Sweet Amber
15%
The Judas Kiss
15%
The Outlaw Torn
15%
The Struggle Within
15%
Thorn Within
15%
Here Comes Revenge
11%
If Darkness Had a Son
11%
Room of Mirrors
11%
Shadows Follow
11%
Spit Out The Bone
11%
The Unnamed Feeling
11%
All Within My Hands
7%
Carpe Diem Baby
7%
Confusion
7%
Devil's Dance
7%
Invisible Kid
7%
Low Man's Lyric
7%
Purify
7%
Ronnie
7%
That Was Just Your Life
7%
The End Of The Line
7%
The Frayed Ends of Sanity
7%
The House Jack Built
7%
When a Blind Man Cries Deep Purple cover
7%
Am I Savage?
4%
Attitude
4%
Better Than You
4%
Chasing Light
4%
Crown Of Barbed Wire
4%
Dream No More
4%
Helpless (Live) Diamond Head cover
4%
Lords Of Summer
4%
ManUNkind
4%
Murder One
4%
Now That We're Dead
4%
Poor Twisted Me
4%
Prince Charming
4%
Remember Tomorrow Iron Maiden cover
4%
Shoot Me Again
4%
Sleepwalk My Life Away
4%
Slither
4%
Too Far Gone?
4%
You Must Burn!
4%
Bad Seed
0%
Cure
0%
My World
0%
Ronnie Rising Medley (A Light in the Black / Tarot Woman / Stargazer / Kill the King) Medley of Rainbow covers
0%
So What
0%
Wasting My Hate
0%
Where The Wild Things Are
0%
Aucun quiz correspondant
Distribution des résultats
% des personnes avec chaque résultat
Percentile par nombre de réponses
Votre historique - résultats
Vous n’avez pas pris ce quiz